Outsourcing in money logistics of the banks

Outsourcing v preprave peňazí v bankách. Charakteristika outsourcingu. Faktory ovplyvňujúce zavedenie outsourcingu. Outsourcing v slovenských bankách.

Gespeichert in:
Bibliographische Detailangaben
1. Verfasser: Hajduová, Zuzana, 1974-
Weitere Verfasser: Andrejkovič, Marek, Grinčová, Anna
Format: Buchkapitel
Sprache:Englisch
Schlagworte:
Tags: Tag hinzufügen
Keine Tags, Fügen Sie das erste Tag hinzu!

MARC

LEADER 00000naa$a2200000$$$4500
001 0104771
005 20240502072141.6
041 0 |a eng 
044 |a SK 
245 1 0 |a Outsourcing in money logistics of the banks  |c Zuzana Hajduová, Marek Andrejkovič, Anna Grinčová 
520 |a Outsourcing v preprave peňazí v bankách. Charakteristika outsourcingu. Faktory ovplyvňujúce zavedenie outsourcingu. Outsourcing v slovenských bankách. 
610 2 0 |a outsourcing 
610 2 0 |a banky 
610 2 0 |a logistika 
610 2 0 |a preprava 
610 2 0 |a peniaze 
610 2 0 |a Slovensko 
100 1 |a Hajduová, Zuzana, 1974- 
700 1 |a Andrejkovič, Marek 
700 1 |a Grinčová, Anna